[Event "Windsor NAYCC U14"]
[Site "Windsor"]
[Date "2016.08.09"]
[Round "4.78"]
[White "Atanasov, David"]
[Black "Jasniewicz, Adam"]
[Result "1-0"]
[WhiteElo "1518"]
[BlackElo "807"]
[PlyCount "29"]
[EventDate "2016.08.07"]
[EventType "swiss"]
[EventRounds "9"]
[EventCountry "CAN"]
[SourceTitle "EXT 2022"]
[Source "ChessBase"]
[SourceDate "2021.10.06"]
[SourceVersion "1"]
[SourceVersionDate "2021.10.06"]
[SourceQuality "1"]

1. d4 d5 2. c4 c6 3. e3 Nf6 4. Nc3 Bf5 5. Qb3 b6 6. cxd5 cxd5 7. Bb5+ Bd7 8. Nxd5 a6 9. Nxf6+ gxf6 10. Bc4 Be6 11. Bxe6 fxe6 12. Qxe6 Bh6 13. Nf3 Qd6 14. Qc8+ Kf7 15. Qxh8 1-0

[Event "Windsor NAYCC U14"]
[Site "Windsor"]
[Date "2016.08.09"]
[Round "5.72"]
[White "Liu, Zhanhe"]
[Black "Atanasov, David"]
[Result "1/2-1/2"]
[WhiteElo "1827"]
[BlackElo "1518"]
[PlyCount "78"]
[EventDate "2016.08.07"]
[EventType "swiss"]
[EventRounds "9"]
[EventCountry "CAN"]
[SourceTitle "EXT 2022"]
[Source "ChessBase"]
[SourceDate "2021.10.06"]
[SourceVersion "1"]
[SourceVersionDate "2021.10.06"]
[SourceQuality "1"]

1. e4 c5 2. Nf3 d6 3. d4 cxd4 4. Nxd4 Nf6 5. Nc3 a6 6. h3 e6 7. g4 Be7 8. Bg2 Qc7 9. 0-0 Nfd7 10. Nde2 Nb6 11. Ng3 Bf6 12. Nce2 0-0 13. Nh5 Be7 14. Qd4 e5 15. Qd3 Nc6 16. Bd2 Be6 17. b3 Qd7 18. c4 a5 19. Bc3 a4 20. f4 axb3 21. axb3 f6 22. Qe3 Rxa1 23. Rxa1 Nc8 24. f5 Bf7 25. h4 b6 26. Bb2 Na5 27. Neg3 d5 28. Kh1 dxc4 29. g5 Qd3 30. Qf2 c3 31. gxf6 gxf6 32. Bc1 c2 33. Be3 Nxb3 34. Qf3 Bxh5 35. Nxh5 Kh8 36. Rg1 c1Q 37. Bxc1 Nxc1 38. Rxc1 Qd2 39. Rd1 Qh6 1/2-1/2

[Event "Windsor NAYCC U14"]
[Site "Windsor"]
[Date "2016.08.08"]
[Round "2.75"]
[White "Atanasov, David"]
[Black "Liu, Benjamin"]
[Result "1-0"]
[WhiteElo "1518"]
[BlackElo "982"]
[PlyCount "81"]
[EventDate "2016.08.07"]
[EventType "swiss"]
[EventRounds "9"]
[EventCountry "CAN"]
[SourceTitle "EXT 2022"]
[Source "ChessBase"]
[SourceDate "2021.10.06"]
[SourceVersion "1"]
[SourceVersionDate "2021.10.06"]
[SourceQuality "1"]

1. d4 Nf6 2. c4 c5 3. d5 b5 4. cxb5 a6 5. b6 d6 6. e4 g6 7. Nc3 Bg7 8. Nf3 0-0 9. Bc4 Nbd7 10. 0-0 Nxb6 11. Be2 Bb7 12. Qb3 Qc7 13. a4 Nbd7 14. Nd2 Rfb8 15. f4 Bxd5 16. Nxd5 Nxd5 17. Qxd5 Bxb2 18. Bxb2 Rxb2 19. Qxa8+ Kg7 20. Qd5 e6 21. Qd3 Qb6 22. Nc4 Qa7 23. Nxb2 c4+ 24. Kh1 cxd3 25. Bxd3 Qd4 26. Rab1 Nc5 27. Rfd1 Nxa4 28. Bc2 Qf2 29. Bxa4 Qxf4 30. Bc2 Qf2 31. Bd3 Qa7 32. Ra1 a5 33. Nc4 Qd4 34. Nxa5 h5 35. Rac1 Qe5 36. Nc4 Qf4 37. Rf1 Qh6 38. Nxd6 e5 39. Rxf7+ Kg8 40. Rc8+ Qf8 41. Rcxf8# 1-0

[Event "Windsor NAYCC U14"]
[Site "Windsor"]
[Date "2016.08.08"]
[Round "3.65"]
[White "Surya, Benito"]
[Black "Atanasov, David"]
[Result "1-0"]
[WhiteElo "1814"]
[BlackElo "1518"]
[PlyCount "83"]
[EventDate "2016.08.07"]
[EventType "swiss"]
[EventRounds "9"]
[EventCountry "CAN"]
[SourceTitle "EXT 2022"]
[Source "ChessBase"]
[SourceDate "2021.10.06"]
[SourceVersion "1"]
[SourceVersionDate "2021.10.06"]
[SourceQuality "1"]

1. e4 c5 2. Ne2 d6 3. g3 Nf6 4. Bg2 e6 5. c3 Be7 6. 0-0 0-0 7. d4 Nbd7 8. h3 Rb8 9. g4 Nb6 10. f4 d5 11. e5 Ne8 12. g5 Qc7 13. Ng3 g6 14. Nd2 cxd4 15. cxd4 Nc4 16. Nxc4 Qxc4 17. Be3 Qb5 18. b3 Ba3 19. Nh1 Qc6 20. Qf3 Qc3 21. Nf2 Qb4 22. Ng4 Bb2 23. Rad1 Qc3 24. Qg3 Ng7 25. Qh4 Nh5 26. Rf3 Qc2 27. Rdf1 Qf5 28. Nh6+ Kg7 29. Nxf5+ exf5 30. R3f2 Ba3 31. Bf3 Be7 32. Bxh5 gxh5 33. Qxh5 Be6 34. Rg2 Rfc8 35. Qh6+ Kg8 36. g6 fxg6 37. Rxg6+ hxg6 38. Qxg6+ Kf8 39. Qxe6 Rd8 40. Kh1 Rbc8 41. Rg1 b5 42. Rg8# 1-0

[Event "CAN-ch U14"]
[Site "Windsor"]
[Date "2016.07.07"]
[Round "5.38"]
[White "Atanasov, David"]
[Black "Zaid, Shahmeer"]
[Result "1-0"]
[WhiteElo "1467"]
[BlackElo "745"]
[PlyCount "99"]
[EventDate "2016.07.05"]
[EventType "swiss"]
[EventRounds "7"]
[EventCountry "CAN"]
[SourceTitle "EXT 2022"]
[Source "ChessBase"]
[SourceDate "2021.10.06"]
[SourceVersion "1"]
[SourceVersionDate "2021.10.06"]
[SourceQuality "1"]

1. d4 d5 2. c4 e6 3. Nc3 Nf6 4. Bg5 Nbd7 5. e3 Bb4 6. a3 Bxc3+ 7. bxc3 c5 8. cxd5 exd5 9. Qc2 0-0 10. Bd3 Qb6 11. Nf3 Qc6 12. Ne5 Nxe5 13. dxe5 Ne4 14. Bf4 c4 15. Bxe4 dxe4 16. Rd1 Qg6 17. Bg3 Bg4 18. Rd4 Rac8 19. Qa4 a6 20. 0-0 b5 21. Qa5 Ra8 22. Rd6 f6 23. a4 bxa4 24. Qxa4 Rfc8 25. Rb1 Qe8 26. Qxe8+ Rxe8 27. exf6 Re6 28. Rbb6 Rxd6 29. Rxd6 a5 30. fxg7 a4 31. Rd2 a3 32. Ra2 Bd1 33. Bd6 Bb3 34. Rxa3 Rxa3 35. Bxa3 Kxg7 36. f3 Kf6 37. Kf2 exf3 38. gxf3 Kf5 39. Bc5 Ke6 40. Kg3 Kd5 41. Bd4 Bc2 42. Kf4 Kc6 43. Ke5 Kb5 44. f4 Kc6 45. Ke6 Bg6 46. f5 Bh5 47. f6 h6 48. f7 Bxf7+ 49. Kxf7 Kd5 50. Kg6 1-0

[Event "CAN-ch U12"]
[Site "Windsor"]
[Date "2015.07.09"]
[Round "7.60"]
[White "Atanasov, David"]
[Black "Gaisinsky, Adam"]
[Result "0-1"]
[WhiteElo "1359"]
[BlackElo "1772"]
[PlyCount "100"]
[EventDate "2015.07.06"]
[EventType "swiss"]
[EventRounds "7"]
[EventCountry "CAN"]
[SourceTitle "EXT 2022"]
[Source "ChessBase"]
[SourceDate "2021.10.06"]
[SourceVersion "1"]
[SourceVersionDate "2021.10.06"]
[SourceQuality "1"]

1. d4 Nf6 2. c4 e6 3. Nc3 Bb4 4. Qc2 0-0 5. Nf3 b6 6. e3 Bb7 7. Be2 Bxc3+ 8. Qxc3 Ne4 9. Qc2 f5 10. 0-0 d6 11. b3 Nd7 12. Bb2 Ng5 13. Qd1 Ne4 14. Qc2 g5 15. Bd3 g4 16. Nd2 Nxd2 17. Qxd2 Qh4 18. f3 Nf6 19. Qf2 Qg5 20. Kh1 Nh5 21. f4 Qh6 22. Kg1 Kf7 23. Rfc1 g3 24. hxg3 Rg8 25. g4 Rxg4 26. d5 exd5 27. cxd5 Bxd5 28. Rxc7+ Kf8 29. Bg7+ Nxg7 30. Kf1 Rxg2 31. Qxg2 Bxg2+ 32. Kxg2 Qg6+ 33. Kf2 Qf6 34. Rac1 Qh4+ 35. Ke2 Qh2+ 36. Kd1 Qg1+ 37. Kd2 Qf2+ 38. Be2 Re8 39. R1c3 h5 40. Kd1 Rxe3 41. Rc8+ Re8 42. Rxe8+ Nxe8 43. Rf3 Qd4+ 44. Bd3 Qa1+ 45. Ke2 Qxa2+ 46. Ke3 Qxb3 47. Kd2 Qb2+ 48. Ke3 Nf6 49. Rf2 Ng4+ 50. Kf3 Qxf2# 0-1

[Event "CAN-ch U12"]
[Site "Windsor"]
[Date "2015.07.09"]
[Round "6.63"]
[White "Eirew, Milo"]
[Black "Atanasov, David"]
[Result "0-1"]
[WhiteElo "709"]
[BlackElo "1359"]
[PlyCount "112"]
[EventDate "2015.07.06"]
[EventType "swiss"]
[EventRounds "7"]
[EventCountry "CAN"]
[SourceTitle "EXT 2022"]
[Source "ChessBase"]
[SourceDate "2021.10.06"]
[SourceVersion "1"]
[SourceVersionDate "2021.10.06"]
[SourceQuality "1"]

1. e4 c5 2. c3 Nf6 3. d3 Nc6 4. Nd2 d6 5. Ngf3 g6 6. Be2 Bg7 7. 0-0 0-0 8. d4 cxd4 9. cxd4 Nd7 10. d5 Nce5 11. Nxe5 Nxe5 12. Nc4 Nd7 13. Bf4 Nb6 14. Qc1 Nxc4 15. Bxc4 Qb6 16. Bh6 Bxh6 17. Qxh6 Qxb2 18. Rfe1 Qe5 19. Rac1 Bd7 20. Re3 Rac8 21. Rec3 b5 22. Rf3 Rxc4 23. Rxc4 bxc4 24. g3 Qh5 25. Qf4 f6 26. g4 Qxg4+ 27. Qxg4 Bxg4 28. Rc3 Rc8 29. f3 Bh3 30. Kf2 Bd7 31. Ke3 h5 32. Kd4 Bb5 33. Rc1 Kf7 34. Rb1 c3 35. Rc1 c2 36. f4 g5 37. fxg5 fxg5 38. Ke3 Kg6 39. Kf3 Rc3+ 40. Kg2 Ba4 41. Kf2 Rc4 42. Ke3 Rb4 43. Kd3 Rb1 44. Rxc2 Bxc2+ 45. Kxc2 Rh1 46. Kd2 Rxh2+ 47. Ke1 Rxa2 48. Kf1 a5 49. Ke1 a4 50. Kd1 Rh2 51. Kc1 a3 52. Kb1 h4 53. Ka1 h3 54. Kb1 Rg2 55. Ka1 h2 56. Kb1 h1Q# 0-1

[Event "Toronto NAYCC U10"]
[Site "Toronto"]
[Date "2013.08.17"]
[Round "7"]
[White "Atanasov, David"]
[Black "Tang, Daniel"]
[Result "1/2-1/2"]
[WhiteElo "1076"]
[BlackElo "933"]
[PlyCount "57"]
[EventDate "2013.08.14"]
[EventType "swiss"]
[EventRounds "9"]
[EventCountry "CAN"]
[SourceTitle "EXT 2022"]
[Source "ChessBase"]
[SourceDate "2021.10.06"]
[SourceVersion "1"]
[SourceVersionDate "2021.10.06"]
[SourceQuality "1"]

1. d4 d5 2. c4 c6 3. Nc3 Nf6 4. Nf3 Bf5 5. e3 e6 6. Be2 c5 7. 0-0 Be7 8. b3 Nc6 9. Bb2 0-0 10. g3 Qc7 11. Bd3 Bxd3 12. Qxd3 Nb4 13. Qd2 h6 14. a3 Nc6 15. Nb5 Qd7 16. Ne5 Nxe5 17. dxe5 Ne4 18. Qd3 Qc6 19. cxd5 Qxd5 20. Qxd5 exd5 21. Rad1 c4 22. Rxd5 cxb3 23. Nd4 Rac8 24. Rc1 Rxc1+ 25. Bxc1 Rc8 26. Nxb3 Rc3 27. Rb5 b6 28. Bb2 Rc2 29. f3 1/2-1/2